000 00332nab a22001097u 4500
008 130520b1985 xxu||||| |||| 00| 0 spa d
041 _aspa
100 1 _aBarker, Eileen
_99763
245 0 0 _aProtesta y malestar de la juventud británica
_cEileen Barker
773 0 _tConcilium
_gV.2,1985,págs.227-235
_x0210-1041
_wRev134
942 _cAR
999 _c355174
_d355174